=LDR 00000nam 2200000 4500 =001 INLIS000000000023924 =005 20130612122537 =008 ***********************************Ind** =035 ##$$0010-061300000023924 =041 ##$$a Ind =082 ##$$a 793.8 =090 ##$$a 793.8, Min e =100 ##$$a Mintareja, Harry =245 ##$$a 67 aneka sulap, Harry Mintareja =260 ##$$a 2004 $b Bandung =300 ##$$a viii. 93 hlm, ilus, 23 cm =650 ##$$a Sulap =850 ##$$a NBPNMAT